An investigation into English and Vietnamese idioms contain words denoting time

Introduction; Literature review and theoretical background; Methodology and provedures...

Tallennettuna:
Bibliografiset tiedot
Päätekijä: Trần, Thị Thu Ba.
Muut tekijät: Nguyễn Thị Quỳnh Hoa, Ph.D (Hướng dẫn.)
Aineistotyyppi: Tuntematon
Kieli:English
Julkaistu: Đà Nẵng : Đại học Đà Nẵng, 2011.
Aiheet:
Tagit: Lisää tagi
Ei tageja, Lisää ensimmäinen tagi!
Thư viện lưu trữ: Mạng thư viện Đại học Đà Nẵng
LEADER 02786na a2200373 4500
001 000030957
003 5084
005 20230726094955.0
008 151001s2011 000 eng
040 |a LNN 
041 |a ENG 
082 |a 420.4  |b TR-B 
100 1 |a Trần, Thị Thu Ba. 
245 1 3 |a An investigation into English and Vietnamese idioms contain words denoting time  |h [Thesis-Luận văn thạc sĩ] /  |c Trần Thị Thu Ba; Nguyễn Thị Quỳnh Hoa hướng dẫn. 
260 |a Đà Nẵng :  |b Đại học Đà Nẵng,  |c 2011. 
300 |a 79tr. ;  |c 29 cm. +  |e 1 tóm tắt. 
500 |a M.A. thesis in the English language. 
520 3 |a Introduction; Literature review and theoretical background; Methodology and provedures... 
630 0 4 |a Tiếng Anh. 
650 0 4 |a English language  |x Idioms  |x Investigation. 
700 1 |a Nguyễn Thị Quỳnh Hoa,  |c Ph.D,  |e Hướng dẫn. 
OWN |a LNN 
AVA |a UDN50  |b LNN  |c English  |d 420.4 TR-B  |e available  |t Error 5001 Not defined in file expand_doc_bib_avail.  |f 1  |g 0  |h N  |i 0  |j AN  |k 1 
Z40 3 |y An investigation into English and Vietnamese idioms contain words denoting time  |l Library of UFL  |t VIEW  |x http://catalog.udn.vn:80/F?func=service&doc_library=UDN01&local_base=UDN01&doc_number=000030957&sequence=000001&line_number=0001&func_code=DB_RECORDS&service_type=MEDIA  |f 6-TOMTATLUANVAN_000033957.pdf  |e pdf  |s 000364231  |k 20240416  |m NTMTHI 
Z40 3 |y An investigation into English and Vietnamese idioms contain words denoting time  |l Library of UFL  |t VIEW  |x http://catalog.udn.vn:80/F?func=service&doc_library=UDN01&local_base=UDN01&doc_number=000030957&sequence=000002&line_number=0002&func_code=DB_RECORDS&service_type=MEDIA  |f 3-LUANVANNOP-THUBA_000033959.pdf  |e pdf  |s 000933776  |k 20240416  |m NTMTHI 
999 |a From the UDN01 
AVA |a UDN50  |b LNN  |c English  |d 420.4 TR-B  |e available  |t Error 5001 Not defined in file expand_doc_bib_avail.  |f 1  |g 0  |h N  |i 0  |j AN  |k 1 
TYP |a Printed language 
856 |y An investigation into English and Vietnamese idioms contain words denoting time  |l Library of UFL  |t VIEW  |x http://catalog.udn.vn:80/F?func=service&doc_library=UDN01&local_base=UDN01&doc_number=000030957&sequence=000001&line_number=0001&func_code=DB_RECORDS&service_type=MEDIA  |f 6-TOMTATLUANVAN_000033957.pdf  |e pdf  |s 000364231  |k 20240416  |m NTMTHI 
856 |y An investigation into English and Vietnamese idioms contain words denoting time  |l Library of UFL  |t VIEW  |x http://catalog.udn.vn:80/F?func=service&doc_library=UDN01&local_base=UDN01&doc_number=000030957&sequence=000002&line_number=0002&func_code=DB_RECORDS&service_type=MEDIA  |f 3-LUANVANNOP-THUBA_000033959.pdf  |e pdf  |s 000933776  |k 20240416  |m NTMTHI 
980 |a Mạng thư viện Đại học Đà Nẵng